Logo BPK

Biblioteka

Politechniki Koszalińskiej

Encyklopedia historii Polski : (Rekord nr 31360)

Szczegóły MARC
000 -ETYKIETA REKORDU
podpole kontrolne o stałej długości 00714nam a2200229 i 4500
001 - NUMER KONTROLNY REKORDU
pole kontrolne bg
020 ## - MIĘDZYNARODOWY ZNORMALIZOWANY NUMER KSIĄŻKI - ISBN
ISBN 8390412128
040 ## - ŹRÓDŁO KATALOGOWANIA
Instytucja, która utworzyła rekord BPK
041 ## - KOD JĘZYKA
Kod języka tekstu pol
080 ## - UNIWERSALNA KLASYFIKACJA DZIESIĘTNA - UKD
UKD 93/99+943.8](03)
920 ## - Międzynarodowy znormalizowany numer książki – ISBN
ISBN 83-904121-2-8
008 - POLE O STAŁEJ DŁUGOŚCI - DANE KONTROLNE
podpole kontrolne o stałej długości s pl f |000 0 pol
245 70 - TYTUŁ/ODPOWIEDZIALNOŚĆ
Tytuł Encyklopedia historii Polski :
Ciąg dalszy tytułu dzieje polityczne /
Pozostałe elementy strefy tytułu i oznaczenia odpowiedzialności Jan Dzięgielewski [et. al.] ; [aut. haseł Andrzej Biernat et al.]. - T.2: [N-Ż].
260 ## - STREFA ADRESU WYDAWNICZEGO
Miejsce wydania Warszawa :
Nazwa wydawcy/dystrybutora MOREX,
Data publikacji, dystrybucji/powstania dokumentu 1994.
300 ## - STREFA OPISU FIZYCZNEGO
Objętość 664 s., [32] k. tabl. kolor. :
Inne cechy fizyczne faks., fot., mapy, rys., wykr. ;
Rozmiary 34 cm.
650 #9 - HASŁO PRZEDMIOTOWE W FORMIE NAZWY OGÓLNEJ LUB JEDNOSTKOWEJ
Nazwa ogólna lub geograficzna Historia
651 #9 - HASŁO PRZEDMIOTOWE W FORMIE NAZWY GEOGRAFICZNEJ
Nazwa geograficzna Polska
Określnik ogólny historia
655 ## - TERMIN INDEKSOWY - OKREŚLENIE RODZAJU/FORMY DOKUMENTU
Określenie rodzaju/formy dokumentu Encyklopedie
700 1# - HASŁO DODATKOWE - NAZWA OSOBOWA
Nazwa osobowa DZIĘGIELEWSKI, Jan.
700 1# - HASŁO DODATKOWE - NAZWA OSOBOWA
Nazwa osobowa BIERNAT, Andrzej.
856 ## - LOKALIZACJA I DOSTĘP DO ELEKTRONICZNYCH DOKUMENTÓW ZDALNYCH
Link (URL) http://koha.tu.koszalin.pl/cgi-bin/koha/opac-detail.pl?biblionumber=31360
Tekst linku Katalog online BPK
942 ## - DODATKOWE ELEMENTY (KOHA)
Typ dokumentu Książka
Egzemplarze
Wycofany Status egzemplarza Uszkodzony Dostępność Lokalizacja stała Lokalizacja bieżąca Miejsce przechowywania Sygnatura Kod kreskowy Typ dokumentu
      Tylko na miejscu Biblioteka Politechniki Koszalińskiej Biblioteka Politechniki Koszalińskiej Magazyn Czasopism 38686 01219197 Książka
© 2023 Biblioteka Politechniki Koszalińskiej :: KOHA